00622 2200241 4500001002100000005001500021035002000036007000300056008004100059020001800100082001000118084001600128100001500144245005000159250001000209260005300219300002600272650002000298856001400318990001600332990001600348990001600364INLIS00000000000071020240608095150 a0010-1220000139ta240608 0 ind  a979-420-280-0 a614.1 a614.1 BHO i0 aB. Houwink1 aIlmu Kedokteran Gigi Pencegahan /cB. Hauwink acet.1 aYogyakarta :bGajah mada university press,c1993 axiv, 440 hlm ;c21 cm 4akedokteran gigi aKelas 614 a00000001008 a00000001009 a00000001023